| LEADER | 02770nam a2200541 i 4500 | ||
|---|---|---|---|
| 001 | 312956 | ||
| 003 | CZ PrSKC | ||
| 005 | 20260601215731.0 | ||
| 007 | ta | ||
| 008 | 260430s2026 xr d 000 f cze | ||
| 015 | |a cnb003752130 | ||
| 020 | |a 9788025377543 |q (brožováno) : |c Kč 569,00 | ||
| 040 | |a ABG001 |b cze |e rda | ||
| 041 | 1 | |a cze |h eng | |
| 072 | 7 | |a 821.111(73)-3 |x Americká próza |2 Konspekt | |
| 072 | 7 | |a 821-93 |x Literatura pro děti a mládež (beletrie) |2 Konspekt | |
| 080 | |a 821.111(73)-31 |2 MRF | ||
| 080 | |a 821-93-053.67 |2 MRF | ||
| 080 | |a 821-93 |2 MRF | ||
| 080 | |a (0:82-312.9) |2 MRF | ||
| 100 | 1 | |a Wolff, Tracy |7 xx0301974 |4 aut | |
| 240 | 1 | 0 | |a Cherish. |l Česky |
| 245 | 1 | 0 | |a Vděk / |c Tracy Wolffová ; přeložily Kristýna Vítková a Hana Netušilová |
| 250 | |a 1. vydání | ||
| 264 | 1 | |a V Praze : |b Fragment, |c 2026 | |
| 300 | |a 516 stran ; |c 21 cm | ||
| 336 | |a text |b txt |2 rdacontent | ||
| 337 | |a bez média |b n |2 rdamedia | ||
| 338 | |a svazek |b nc |2 rdacarrier | ||
| 500 | |a Přeloženo z angličtiny | ||
| 520 | 2 | |a Temnota na dluhy nezapomíná. Závěrečný díl upíří ságy. |b Od chvíle, kdy jsme porazili Cyruse, uběhly tři klidné měsíce. Teď se zase všechno hroutí. Kruh se rozpadá, ve stínech roste nová hrozba a já nemám na výběr. Musím se vrátit do Říše stínů, postavit se děsivé královně a uzavřít s ní dohodu. Je to jediná cesta, jak zachránit Mekhiho. Naštěstí se mnou půjdou přátelé i Hudson. Jenže s ním není něco v pořádku. Vím, že náš osud visí na vlásku, a je to moje vina. Dlužím Jaze laskavost... a ona si ji přišla vybrat. Jak moc za to zaplatím? Nakladatelská anotace. | |
| 655 | 7 | |a americké romány |7 fd131796 |2 czenas | |
| 655 | 7 | |a fantasy romány |7 fd184199 |2 czenas | |
| 655 | 7 | |a literatura young adult |7 fd1185572 |2 czenas | |
| 655 | 7 | |a publikace pro mládež |7 fd133157 |2 czenas | |
| 655 | 9 | |a American fiction |2 eczenas | |
| 655 | 9 | |a fantasy novels |2 eczenas | |
| 655 | 9 | |a young adult literature |2 eczenas | |
| 655 | 9 | |a juvenile literature |2 eczenas | |
| 700 | 1 | |a Vítková, Kristýna |7 xx0178725 |4 trl | |
| 700 | 1 | |a Netušilová, Hana |7 xx0179908 |4 trl | |
| 710 | 2 | |a Fragment (nakladatelství) |7 ko2004244768 |4 pbl | |
| 787 | 0 | 8 | |i Z cyklu: |t Touha |g 6 |
| 900 | |a ABG001 |b 19 | ||
| 044 | |a xr | ||
| 910 | |a RBIT002 | ||
| 998 | |d 426397 |a https://core.palmknihy.cz/api/books/426397/cover?tdy20s |b https://core.palmknihy.cz/api/books/426397/cover/400?tdy20s |c https://core.palmknihy.cz/api/books/426397/cover/50?tdy20s |e 2029-10-10 |g 520 |i 9788025377543 |j https://core.palmknihy.cz/api/books/426397/preview.epub |k https://core.palmknihy.cz/api/books/426397/preview.pdf |l |q 49 |r 1 |s https://www.palmknihy.cz/kniha/426397 |t ebook |y 2026 |z 0 |v Touha |w 6 | ||
| 999 | |d 312954 | ||